000
00316nam a22001337a 4500
008
190305b xxu||||| |||| 00| 0 eng d
020
_a
9780130617507
041
_a
eng
080
_a
621
100
_a
27
101
_a
MEK
245
_a
Introductory Electronic Devices and Circuits
_c
Paynter, R.T
942
_2
udc
_c
BK
999
_c
54491
_d
54491